000 00576nam a2200169Ia 4500
005 20250508152530.0
008 008 250505s9999 xx 000 0 eng d
037 _aBooks to be hide in OPAC
040 _aFEDL
_beng
_cFEDL
041 _aeng
_2eng
084 _a030, GOL
_qFEDL
245 0 _aGolden book encyclopedia. V.3, 6, 10, 14 and 16
260 _aNew York, USA
_bSimon and Schuster
546 _aIn sixteen accurate, fact-filled volumes dramatically illustrated with more than 6'000 color pictures
942 _cHB
_h030, GOL
999 _c1337048
_d1337048